Hand Book Of CDMA System Design Engineering And Optimization (Record no. 305798)
[ view plain ]
| 000 -LEADER | |
|---|---|
| fixed length control field | 00435nam a2200157Ia 4500 |
| 008 - FIXED-LENGTH DATA ELEMENTS--GENERAL INFORMATION | |
| fixed length control field | 230718s9999 xx 000 0 und d |
| 041 ## - LANGUAGE CODE | |
| Language code of text/sound track or separate title | eng |
| 082 ## - DEWEY DECIMAL CLASSIFICATION NUMBER | |
| Classification number | 621.382 |
| Item number | KIM |
| 100 ## - MAIN ENTRY--PERSONAL NAME | |
| Personal name | Kim K. |
| 9 (RLIN) | 145083 |
| 245 ## - TITLE STATEMENT | |
| Title | Hand Book Of CDMA System Design Engineering And Optimization |
| 260 ## - PUBLICATION, DISTRIBUTION, ETC. (IMPRINT) | |
| Date of publication, distribution, etc. | 2000 |
| Name of publisher, distributor, etc. | Prentice Hall Of India |
| 300 ## - PHYSICAL DESCRIPTION | |
| Extent | 251 |
| 365 ## - TRADE PRICE | |
| Currency code | Rs. |
| Price amount | 495.00 |
| 700 ## - ADDED ENTRY--PERSONAL NAME | |
| Personal name | Kim K. |
| 9 (RLIN) | 145083 |
| 906 ## - LOCAL DATA ELEMENT F, LDF (RLIN) | |
| d | B:161208-May-2005 |
| c | ETC |
| b | 99 |
| Withdrawn status | Lost status | Damaged status | Not for loan | Home library | Current library | Date acquired | Vendor | Budget Code | Cost, normal purchase price | Bill number | Total Checkouts | Full call number | Barcode | Date last seen | Discount | Cost, replacement price | Bill Date | Koha item type | Original Barcode |
|---|---|---|---|---|---|---|---|---|---|---|---|---|---|---|---|---|---|---|---|
| Cummins College of Engineering for Women Pune | Cummins College of Engineering for Women Pune | 11/09/2003 | Technical Book Services | ETC | 396.00 | 1612 | 621.382 | CCEP-BK-17005 | 18/07/2023 | 99 | 495.00 | 08/05/2005 | Books | 017005 |